Đánh giá ô nhiễm hữu cơ và sự phân bố của động vật đáy tại một số thủy vực trên địa bàn tỉnh Hậu Giang (Luận văn Tốt nghiệp Cao học. Chuyên ngành Khoa học môi trường)

Đã lưu trong:
書目詳細資料
主要作者: Châu, Văn Dỹ
格式: 圖書
語言:Undetermined
出版: Cần Thơ Trường Đại học Cần Thơ 2014
主題:
標簽: 添加標簽
沒有標簽, 成為第一個標記此記錄!
Thư viện lưu trữ: Trung tâm Học liệu Trường Đại học Cần Thơ
LEADER 00909nam a2200205Ia 4500
001 CTU_195050
008 210402s9999 xx 000 0 und d
082 |a 363.7394 
082 |b D600 
088 |a 60440301 
100 |a Châu, Văn Dỹ 
245 0 |a Đánh giá ô nhiễm hữu cơ và sự phân bố của động vật đáy tại một số thủy vực trên địa bàn tỉnh Hậu Giang 
245 0 |b (Luận văn Tốt nghiệp Cao học. Chuyên ngành Khoa học môi trường) 
245 0 |c Châu Văn Dỹ ; Phạm Văn Toàn, Bùi Thị Nga (Người hướng dẫn khoa học) 
260 |a Cần Thơ 
260 |b Trường Đại học Cần Thơ 
260 |c 2014 
650 |a Ô nhiễm nguồn nước,Water pollution 
910 |a Nguyên 
980 |a Trung tâm Học liệu Trường Đại học Cần Thơ